Sports Quiz

Random Sports or NBA Quiz

NBA 10+ Rebounds Per Game (2000s) Quiz Stats

 Plays Quiz Updated Nov 8, 2016

Challenge
Share
Tweet
Embed
Score 0/80 Timer 10:00
0 Plays Today
Rebounds Per Game Player % Correct
14.2Dwight Howard
97.3%
13.8Dwight Howard
97.3%
13.2Dwight Howard
97.3%
12.5Dwight Howard
97.3%
12.3Dwight Howard
97.3%
10.0Dwight Howard
97.3%
13.9Kevin Garnett
96.1%
13.5Kevin Garnett
96.1%
13.4Kevin Garnett
96.1%
12.8Kevin Garnett
96.1%
12.7Kevin Garnett
96.1%
12.1Kevin Garnett
96.1%
11.4Kevin Garnett
96.1%
12.7Shaquille O'Neal
95.7%
10.4Shaquille O'Neal
95.7%
15.4Ben Wallace
95.3%
13.2Ben Wallace
95.3%
12.4Ben Wallace
95.3%
12.2Ben Wallace
95.3%
12.0Ben Wallace
95.3%
11.3Ben Wallace
95.3%
10.7Ben Wallace
95.3%
10.5Jermaine O'Neal
94.9%
10.3Jermaine O'Neal
94.9%
12.9Tim Duncan
94.4%
12.7Tim Duncan
94.4%
12.4Tim Duncan
94.4%
12.2Tim Duncan
94.4%
11.3Tim Duncan
94.4%
11.0Tim Duncan
94.4%
10.7Tim Duncan
94.4%
10.6Tim Duncan
94.4%
10.1Tim Duncan
94.4%
10.0Gerald Wallace
94.4%
10.8Chris Bosh
76.4%
10.0Chris Bosh
76.4%
11.7Carlos Boozer
73.2%
11.4Carlos Boozer
73.2%
11.2Carlos Boozer
73.2%
10.4Carlos Boozer
73.2%
Rebounds Per Game Player % Correct
13.1Marcus Camby
68.8%
11.8Marcus Camby
68.8%
11.7Marcus Camby
68.8%
10.1Marcus Camby
68.8%
11.6Elton Brand
68.3%
10.1Elton Brand
68.3%
10.0Elton Brand
68.3%
11.7David Lee
68.3%
11.7David Lee
68.3%
12.4Tyson Chandler
63.4%
11.7Tyson Chandler
63.4%
11.1Chris Webber
63.3%
13.5Dikembe Mutombo
61.7%
10.8Dikembe Mutombo
61.7%
11.7Zach Randolph
60%
10.5Zach Randolph
60%
10.6Lamar Odom
58.3%
10.9Emeka Okafor
57.3%
10.7Emeka Okafor
57.3%
10.1Emeka Okafor
57.3%
11.8Shawn Marion
54.7%
11.3Shawn Marion
54.7%
10.7Shawn Marion
54.7%
11.1Al Jefferson
53%
10.2Antawn Jamison
44.2%
10.4Samuel Dalembert
41.1%
11.8Troy Murphy
37.5%
10.8Troy Murphy
37.5%
10.2Troy Murphy
37.5%
10.2Troy Murphy
37.5%
10.0Troy Murphy
37.5%
10.3Brad Miller
35.3%
10.1Antonio Davis
32.9%
12.1Antonio McDyess
24.3%
12.0Erick Dampier
22.7%
10.4Kurt Thomas
20.7%
10.1Kenny Thomas
20.6%
10.2Brian Grant
16.3%
10.3Jamaal Magloire
14.9%
11.7Danny Fortson
9.1%

You're not logged in!

Compare scores with friends on all Sporcle quizzes.
Join for Free
OR
Log In

You Might Also Like...

Show Comments

Extras

Top Quizzes Today


Score Distribution

Your Account Isn't Verified!

In order to create a playlist on Sporcle, you need to verify the email address you used during registration. Go to your Sporcle Settings to finish the process.

Report this User

Report this user for behavior that violates our Community Guidelines.

Details: